[Event "RSA-chT U12"]
[Site "Cape Town"]
[Date "2016.01.06"]
[Round "5.9"]
[White "Janse van Rensburg, Joshua"]
[Black "Lai Wing, Akin"]
[Result "0-1"]
[WhiteElo "738"]
[BlackElo "977"]
[PlyCount "52"]
[EventDate "2016.01.04"]
[EventType "team-tourn"]
[EventRounds "7"]
[EventCountry "RSA"]
[SourceTitle "CBM 170 Extra"]
[Source "ChessBase"]
[SourceDate "2016.02.25"]
[SourceVersion "1"]
[SourceVersionDate "2016.02.25"]
[SourceQuality "1"]
[WhiteTeam "Johannesburg Metro"]
[BlackTeam "Nelson Mandela Bay"]
[WhiteTeamCountry "RSA"]
[BlackTeamCountry "RSA"]

1. e4 e5 2. Nf3 Nc6 3. Bc4 Nf6 4. Ng5 d5 5. exd5 Nxd5 6. d3 Be7 7. Nf3 0-0 8. 0-0 Be6 9. Bd2 Nf4 10. b3 Nd4 11. Re1 Nxf3+ 12. Qxf3 Bf6 13. Nc3 Bxc4 14. bxc4 Re8 15. Rab1 b6 16. a4 a5 17. g3 Nh3+ 18. Kh1 Ng5 19. Qg4 e4 20. d4 Nf3 21. Rxe4 Nxd2 22. Rf4 Nxb1 23. Nd5 Bg5 24. Rf5 h6 25. Qf3 Nd2 26. Qd3 c6 0-1